Post Basic BSc Nursing Solved Question Papers First Year (Record no. 369290)

MARC details
000 -LEADER
fixed length control field 00530nam a2200181 4500
005 - DATE AND TIME OF LATEST TRANSACTION
control field 20251205161126.0
008 - FIXED-LENGTH DATA ELEMENTS--GENERAL INFORMATION
fixed length control field 251205b |||||||| |||| 00| 0 eng d
020 ## - INTERNATIONAL STANDARD BOOK NUMBER
International Standard Book Number 978-93-94525-90-0
041 ## - LANGUAGE CODE
Language code of text/sound track or separate title Eng
082 ## - DEWEY DECIMAL CLASSIFICATION NUMBER
Edition number 1st ed. 2026
Classification number F 610.73069 SOO
Item number B11968
100 ## - MAIN ENTRY--PERSONAL NAME
Author Sood Babita
245 ## - TITLE STATEMENT
Title Post Basic BSc Nursing Solved Question Papers First Year
250 ## - EDITION STATEMENT
Edition statement 1st ed. 2026
260 ## - PUBLICATION, DISTRIBUTION, ETC.
Place of publication, distribution, etc. New Delhi
Name of publisher, distributor, etc. CBS Publishers
Date of publication, distribution, etc. 2026
300 ## - PHYSICAL DESCRIPTION
Extent lvi,1013p
Other physical details pb
Dimensions 27.5x21.8cm
365 ## - TRADE PRICE
Price type code Rupaye
Price amount 1295
Currency code INR
942 ## - ADDED ENTRY ELEMENTS (KOHA)
Koha item type Books
Holdings
Withdrawn status Lost status Source of classification or shelving scheme Damaged status Not for loan Collection code Home library Current library Date acquired Vendor Net Price Bill number Total Checkouts Full call number Barcode Date last seen Discount Actual Price Bill Date Koha item type Original Barcode
    Dewey Decimal Classification   Reference Reference Smt. Bakul Tambat Institute of Nursing Education Smt. Bakul Tambat Institute of Nursing Education 18/11/2025 Patil Medical Book 802.90 2026   F 610.73069 SOO B11968 BTIN-BK-11968 05/12/2025 38% 1295.00 29/10/2025 Books BTIN-BK-11968
    Dewey Decimal Classification     Non-fiction Smt. Bakul Tambat Institute of Nursing Education Smt. Bakul Tambat Institute of Nursing Education 18/11/2025 Patil Medical Book 802.90 2026   F 610.73069 SOO B11969 BTIN-BK-11969 05/12/2025 38% 1295.00 29/10/2025 Books BTIN-BK-11969